| 000 | 00534nam a2200181 i 4500 | ||
|---|---|---|---|
| 001 | bg | ||
| 100 | 1 | _aGorbačev, Vladimir Vasi~7levič. | |
| 245 | 0 |
_aFizika poluprovodnikov i metallov / _cV[ladimir] V[asil] Gorbacev, L[arisa] G[rigor'evna] Spicyna. |
|
| 260 |
_aMoskva : _b"Metallurgija", _c1976. |
||
| 300 |
_as. 367, nlb. 1 : _brys. |
||
| 500 | _a[Alf. ros.]. | ||
| 700 | 1 | _aSpicyna, Larisa Grigorevna. | |
| 040 | _cBPK | ||
| 041 | _apol | ||
| 080 | _a537.311.33 | ||
| 942 | _cKS | ||
| 008 | s pl f |000 0 pol | ||
| 999 |
_c17329 _d17329 |
||